000 00624nas a2200229 4500
001 BR8403041
003 BR-BrBNA
005 20231205085936.0
007 ta
008 230509b bl.|||p| |||| 00| 00por d
040 _aBR-BrBNA
_bpor
_cBiblioteca Nacional de Agricultura
041 _a(Pt)
072 _aL73
100 1 _aGoncalves, V.L.N.
245 1 _aO cancer das aves
650 _aAVE DOMESTICA
650 _aCANCER
650 _aTUMOR
773 0 _tCasa da Agricultura (Brazil)
_xISSN 0100-6547
_g(Jan-Feb 1984), v. 6(1) p. 6-8
_wBR8403041
909 _a202311
_bLúcia
_c55
_dLúcia Elande
942 _2AGRIS
_n0
_cANA
999 _c114981
_d114981